00354nam a2200145Ia 4500003000400000008004100004040001600045082001300061100001900074245003800093260003000131300001000161650001500171650002200186GCL140319s9999 xx 000 0 eng d aGCL / cGCL04a843bB P1 aBALZAC, HONORE10aLE PERE GORIOT / cBALZAC, HONORE a[S.N] : bFOLIO ، c1995 a411 P04aLITERATURE04aFRENCH LITERATURE